The new science of swimming /

This book is about: The mechanical principles involved in swimming; The crawl stroke; The back crawl stroke; ...

Zapisane w:
Opis bibliograficzny
1. autor: Counsilman, James E.
Kolejni autorzy: Counsilman, Brian E.
Format: Książka
Język:English
Wydane: Englewood Cliffs, N.J. : Prentice Hall, 1994.
Hasła przedmiotowe:
Etykiety: Dodaj etykietę
Nie ma etykietki, Dołącz pierwszą etykiete!
Thư viện lưu trữ: Mạng thư viện Đại học Đà Nẵng
LEADER 01001cam a2200337 i 4500
001 000048833
003 8559
005 20051111141555.0
008 010326b1994 vm 000 eng
020 |a 0130998885 
040 |a IRC  |c IRC  |d IRC 
041 0 |a eng 
082 1 4 |a 796.21  |b CO-J 
100 1 |a Counsilman, James E. 
245 0 4 |a The new science of swimming /  |c James E. Counsilman, Brian E. Counsilman ; Gil Evans, illustrator. 
260 |a Englewood Cliffs, N.J. :  |b Prentice Hall,  |c 1994. 
300 |a xi, 420 p. :  |b ill. ;  |c 23.5cm. 
520 3 |a This book is about: The mechanical principles involved in swimming; The crawl stroke; The back crawl stroke; ... 
630 0 4 |a Swimming. 
650 0 4 |a Swimming. 
700 1 |a Counsilman, Brian E. 
OWN |a DUT 
999 |a From the UDN01 
TYP |a Monograph 
TYP |a Printed language 
980 |a Mạng thư viện Đại học Đà Nẵng